[Event "EYTCC Open U12 2018"]
[Site "Bad Blankeburg"]
[Date "2018.07.16"]
[Round "7"]
[White "Fule, Simon"]
[Black "Deuer, Marius"]
[Result "1-0"]
[WhiteElo "2061"]
[BlackElo "1834"]
[Annotator "NA"]
[PlyCount "91"]
[EventDate "2018.07.12"]
[EventType "swiss"]
[EventCountry "GER"]
[SourceTitle "playchess.com"]
[Source "ChessBase"]
[SourceQuality "1"]
[TimeControl "40/5400+30:1800+30"]

1. e4 {[%emt 0:00:00]} c5 {[%emt 0:00:00]} 2. Nf3 {[%emt 0:00:00]} Nc6 {[%emt 0:00:00]} 3. d4 {[%emt 0:00:00]} cxd4 {[%emt 0:00:00]} 4. Nxd4 {[%emt 0:00:00]} g6 {[%emt 0:00:00]} 5. c4 {[%emt 0:00:00]} Bg7 {[%emt 0:00:00]} 6. Be3 {[%emt 0:00:06]} Nf6 {[%emt 0:00:03]} 7. Nc3 {[%emt 0:00:07]} O-O {[%emt 0:00:06]} 8. Be2 {[%emt 0:00:07]} d6 {[%emt 0:00:30]} 9. O-O {[%emt 0:00:09]} Bd7 {[%emt 0:00:41]} 10. Nc2 {[%emt 0:00:13]} Be6 {[%emt 0:02:22]} 11. f3 {[%emt 0:08:43]} Nd7 {[%emt 0:01:46] LiveBook: 10 Games} 12. Qd2 {[%emt 0:01:48]} a5 {[%emt 0:02:14]} 13. Na4 {[%emt 0:10:24]} Rc8 {[%emt 0:10:07]} (13... Nc5 $1 $11 {bleibt in der Remisbreite.} 14. Nc3 f5) 14. Rac1 $11 {[%emt 0:06:28]} Nce5 {[%emt 0:04:57]} 15. b3 {[%emt 0:06:08]} Nc5 {[%emt 0:02:21]} 16. Nc3 {[%emt 0:02:22]} b6 {[%emt 0:13:29]} 17. Nd4 {[%emt 0:06:01]} Nc6 {[%emt 0:05:57]} 18. Ndb5 {[%emt 0:11:26]} Be5 {[%emt 0:11:41]} 19. Rfd1 {[%emt 0:11:14]} h5 {[%emt 0:09:47]} 20. Qc2 {[%emt 0:08:10]} Nb4 {[%emt 0:05:03]} 21. Qb1 {[%emt 0:01:25]} Nc6 {[%emt 0:03:12]} 22. f4 {[%emt 0:07:19]} Bxc3 {[%emt 0:05:25]} 23. Rxc3 {[%emt 0:01:50]} f6 {[%emt 0:00:33]} 24. Bf3 {[%emt 0:07:01]} Qd7 {[%emt 0:03:35]} 25. h3 {[%emt 0:00:56]} Kg7 {[%emt 0:01:18]} 26. Qc2 {[%emt 0:00:29]} Rfe8 {[%emt 0:02:04]} 27. Qf2 {[%emt 0:01:07]} Kh7 {[%emt 0:01:11]} 28. Qh4 {[%emt 0:00:48]} Kg7 {[%emt 0:02:46]} 29. Bc1 {[%emt 0:03:30]} Bf7 {[%emt 0:02:23]} 30. Rf1 {[%emt 0:02:00]} Rh8 {[%emt 0:02:15]} 31. Rd1 {[%emt 0:01:22]} Rhe8 {[%emt 0:00:29]} 32. Qg3 {[%emt 0:00:40]} Kh7 {[%emt 0:01:54]} 33. h4 {[%emt 0:00:31]} Qe6 {[%emt 0:01:36]} 34. Re1 {[%emt 0:01:07]} Kh8 {[%emt 0:01:48]} 35. Qf2 {[%emt 0:00:31]} Qd7 {[%emt 0:00:26]} 36. Qd2 {[%emt 0:00:45]} Kg8 {[%emt 0:01:17]} 37. f5 {[%emt 0:01:08]} gxf5 {[%emt 0:00:45]} 38. Qh6 {[%emt 0:00:06]} Ne5 {[%emt 0:01:35]} 39. Bxh5 {[%emt 0:00:23]} Bxh5 40. Qxh5 {[%emt 0:00:03]} f4 {[%emt 0:02:40]} 41. Bxf4 {[%emt 0:30:40]} Ned3 {[%emt 0:31:15]} 42. Re3 {[%emt 0:01:18]} Nxf4 {[%emt 0:00:48]} 43. Rg3+ {[%emt 0:00:06]} Kf8 {[%emt 0:00:05]} 44. Qh6+ {[%emt 0:00:09]} Kf7 {[%emt 0:00:18]} 45. Rg7+ {[%emt 0:00:10]} Ke6 {[%emt 0:00:22]} 46. Qxf4 {[%emt 0:00:09]} 1-0

[Event "EYTCC Open U12 2018"]
[Site "Bad Blankeburg"]
[Date "2018.07.16"]
[Round "7"]
[White "Tancsa, Tamas"]
[Black "Ermitsch, Magnus"]
[Result "1-0"]
[WhiteElo "2023"]
[BlackElo "1594"]
[Annotator "NA"]
[PlyCount "83"]
[EventDate "2018.07.12"]
[EventType "swiss"]
[EventCountry "GER"]
[SourceTitle "playchess.com"]
[Source "ChessBase"]
[SourceQuality "1"]
[TimeControl "40/5400+30:1800+30"]

1. e4 {[%emt 0:00:00]} c5 {[%emt 0:00:53]} 2. d4 {[%emt 0:02:20]} cxd4 {[%emt 0:02:05]} 3. Nf3 {[%emt 0:02:56]} e6 {[%emt 0:01:56]} 4. Nxd4 {[%emt 0:04:12]} Nc6 {[%emt 0:02:07]} 5. Nb5 {[%emt 0:02:22]} d6 {[%emt 0:01:41]} 6. c4 {[%emt 0:04:12]} Nf6 {[%emt 0:02:30]} 7. N1c3 {[%emt 0:03:09]} a6 {[%emt 0:02:34]} 8. Na3 {[%emt 0:04:11]} Be7 {[%emt 0:02:36]} 9. Be3 {[%emt 0:02:40]} O-O {[%emt 0:04:40] LiveBook: 23 Partien} 10. Be2 {[%emt 0:05:17]} Bd7 {[%emt 0:04:12]} 11. O-O {[%emt 0:03:17]} Rc8 {[%emt 0:05:25] B44: Sicilian: Taimanov: 5 Nb5} (11... Qb8 12. f3 Na7 13. Kh1 b5 14. Bxa7 Rxa7 15. cxb5 d5 16. exd5 Nxd5 17. Nxd5 exd5 18. Qxd5 Bxa3 19. bxa3 Bxb5 20. Bxb5 Qxb5 {½-½ (53) Kononenko,D (2513)-Trajkovic,P (2390) Evpatoria 2007}) 12. f3 {[%emt 0:07:44]} Qa5 {[%emt 0:06:05]} 13. Qd2 {[%emt 0:01:53]} Rfd8 {[%emt 0:01:48]} 14. Rfd1 {[%emt 0:00:25]} Ne5 $146 {[%emt 0:10:06]} ({Predecessor:} 14... d5 15. exd5 Bxa3 16. bxa3 Ne5 17. Qb2 b5 18. dxe6 Bxe6 19. cxb5 axb5 20. Nxb5 {1-0 (33) Diaz Diaz,A (2134)-Alvarado Diaz,A Vecindario 2007}) 15. Nd5 {[%emt 0:04:11]} Qxd2 {[%emt 0:00:17]} 16. Nxe7+ {[%emt 0:00:10]} Kf8 {[%emt 0:00:10]} 17. Bxd2 {[%emt 0:00:08]} Kxe7 {[%emt 0:00:14]} 18. Ba5 {[%emt 0:00:02]} Rh8 {[%emt 0:02:01]} 19. Bb4 {[%emt 0:02:04]} Ne8 {[%emt 0:01:05]} 20. f4 {[%emt 0:02:20]} Nc6 {[%emt 0:00:26]} 21. Bc3 {[%emt 0:00:07]} Nf6 {[%emt 0:07:13]} 22. Bf3 {[%emt 0:00:33]} h5 {[%emt 0:01:53]} 23. Nc2 {[%emt 0:00:09]} Na7 {[%emt 0:04:27]} 24. b3 {[%emt 0:02:18]} Bc6 {[%emt 0:02:15]} 25. Re1 {[%emt 0:08:51]} Rcd8 {[%emt 0:04:26]} 26. Rad1 {[%emt 0:01:23]} Ne8 {[%emt 0:03:54]} 27. Bb4 {[%emt 0:00:33]} Nc8 $18 {[%emt 0:00:26]} (27... b6 28. Rd2 Kd7) 28. Rd2 {[%emt 0:00:18]} Kf8 {[%emt 0:01:45]} 29. Red1 {[%emt 0:00:13]} Kg8 {[%emt 0:00:31]} 30. e5 {[%emt 0:00:24]} d5 {[%emt 0:01:10]} 31. cxd5 {[%emt 0:00:12]} Bxd5 {[%emt 0:00:40]} 32. Bxd5 {[%emt 0:00:07]} Rxd5 {[%emt 0:00:25]} 33. Rxd5 {[%emt 0:00:03]} exd5 {[%emt 0:00:14]} 34. Rxd5 {[%emt 0:00:03]} Kh7 {[%emt 0:00:31]} 35. Rd7 {[%emt 0:00:30]} Nb6 {[%emt 0:01:56]} 36. Rxb7 {[%emt 0:02:00]} Nd5 {[%emt 0:00:16]} 37. Rxf7 {[%emt 0:00:17]} Kg6 {[%emt 0:00:39]} 38. e6 {[%emt 0:02:26]} Ndf6 {[%emt 0:02:26]} 39. Nd4 {[%emt 0:00:49]} Rg8 {[%emt 0:03:35]} 40. f5+ {[%emt 0:00:37]} Kh6 {[%emt 0:00:42]} 41. Nc6 {[%emt 0:31:10]} Rh8 {[%emt 0:30:29]} 42. h4 {[%emt 0:01:38]} 1-0

[Event "EYTCC Open U12 2018"]
[Site "Bad Blankeburg"]
[Date "2018.07.16"]
[Round "7"]
[White "Razafindratsima, Timothe"]
[Black "Schubert, Nikita"]
[Result "1-0"]
[WhiteElo "1975"]
[BlackElo "1984"]
[Annotator "NA"]
[PlyCount "87"]
[EventDate "2018.07.12"]
[EventType "swiss"]
[EventCountry "GER"]
[SourceTitle "playchess.com"]
[Source "ChessBase"]
[SourceQuality "1"]
[TimeControl "40/5400+30:1800+30"]

1. e4 {[%emt 0:00:00]} e5 {[%emt 0:00:00]} 2. Nf3 {[%emt 0:00:00]} Nc6 {[%emt 0:00:00]} 3. Bc4 {[%emt 0:00:00]} Bc5 {[%emt 0:00:00]} 4. O-O {[%emt 0:00:00]} Nf6 {[%emt 0:00:12]} 5. d3 {[%emt 0:00:00]} O-O {[%emt 0:00:17]} 6. a4 {[%emt 0:00:07] C50: Hungarian Defence and Giuoco Pianissimo} (6. c3 d5 7. exd5 Nxd5 8. Re1 Be6 9. Nbd2 Bd6 10. Ne4 h6 11. b4 a6 12. a4 Re8 13. Qb3 Nf6 14. Bxe6 Rxe6 15. Be3 Ne7 16. Rad1 {1-0 (25) Kramnik,V (2800)-Anand,V (2776) Moscow 2018}) 6... a6 {[%emt 0:01:18]} 7. Bg5 {[%emt 0:00:55]} h6 {[%emt 0:10:14]} 8. Bh4 {[%emt 0:00:24]} Be7 {[%emt 0:09:19] LiveBook: 7 Partien} 9. Bg3 {[%emt 0:00:31]} d6 {[%emt 0:00:44]} 10. c3 {[%emt 0:00:40]} Bg4 $146 {[%emt 0:02:20]} ({Predecessor:} 10... g6 11. h3 Nh5 12. Bh2 Bg5 13. Na3 Bf4 {½-½ (64) Bok,B (2596)-Vidit,S (2673) Moscow 2017}) 11. h3 {[%emt 0:01:22]} Be6 {[%emt 0:06:11]} 12. Nbd2 {[%emt 0:00:52]} Qd7 {[%emt 0:14:55]} 13. b4 {[%emt 0:02:58]} Nd8 {[%emt 0:01:18]} 14. Qe2 {[%emt 0:05:18]} Bxc4 {[%emt 0:05:30]} 15. Nxc4 {[%emt 0:00:55]} Ne6 {[%emt 0:00:15]} 16. Nfd2 {[%emt 0:05:31]} Nh7 {[%emt 0:03:07]} 17. Ne3 {[%emt 0:00:56]} Bg5 {[%emt 0:07:33]} 18. Nb3 {[%emt 0:05:20]} Rfe8 {[%emt 0:02:36]} 19. Nd5 {[%emt 0:02:50]} Nhf8 {[%emt 0:02:53]} 20. d4 {[%emt 0:01:32]} exd4 {[%emt 0:03:31]} 21. cxd4 {[%emt 0:00:24]} Ng6 {[%emt 0:02:51]} 22. f4 {[%emt 0:08:24]} Bh4 {[%emt 0:01:07]} 23. Bxh4 {[%emt 0:01:31]} Nxh4 {[%emt 0:00:01]} 24. Qg4 {[%emt 0:07:33]} Qd8 {[%emt 0:02:55]} 25. g3 {[%emt 0:00:35]} Nxd4 {[%emt 0:05:08]} 26. Nxd4 {[%emt 0:01:40]} Rxe4 {[%emt 0:01:22]} 27. Nf3 {[%emt 0:34:03]} Nxf3+ {[%emt 0:03:45]} 28. Qxf3 {[%emt 0:00:36]} f5 {[%emt 0:00:40]} 29. Rfe1 {[%emt 0:05:27]} c6 {[%emt 0:02:24]} 30. Ne3 {[%emt 0:01:29]} Qb6 {[%emt 0:01:33]} 31. Kf1 {[%emt 0:01:46]} Rae8 {[%emt 0:01:25]} 32. Nxf5 {[%emt 0:01:37]} Rxe1+ {[%emt 0:01:00]} 33. Rxe1 {[%emt 0:00:06]} Rxe1+ {[%emt 0:00:10]} 34. Kxe1 {[%emt 0:00:30]} Qxb4+ {[%emt 0:00:08]} 35. Kf2 {[%emt 0:05:35]} d5 {[%emt 0:04:25]} 36. Qe2 {[%emt 0:02:10]} Qc5+ {[%emt 0:05:02]} 37. Kf3 {[%emt 0:01:23]} Qc3+ {[%emt 0:00:50]} 38. Qe3 {[%emt 0:00:32]} Qf6 {[%emt 0:00:48]} 39. Qe5 {[%emt 0:02:09]} Qf7 {[%emt 0:00:52]} 40. Nd6 {[%emt 0:01:03]} Qf8 {[%emt 0:00:36]} 41. Qe6+ {[%emt 0:31:14]} Kh8 {[%emt 0:02:53]} 42. a5 {[%emt 0:00:00]} Qb8 {[%emt 0:16:08]} 43. Qe8+ {[%emt 0:00:00]} Qxe8 {[%emt 0:01:17]} 44. Nxe8 $18 {[%emt 0:00:00]} 1-0

[Event "EYTCC Open U12 2018"]
[Site "Bad Blankeburg"]
[Date "2018.07.16"]
[Round "7"]
[White "Hagner, Bennet"]
[Black "Pasztor, Balazs"]
[Result "0-1"]
[WhiteElo "1947"]
[BlackElo "2141"]
[Annotator "NA"]
[PlyCount "70"]
[EventDate "2018.07.12"]
[EventType "swiss"]
[EventCountry "GER"]
[SourceTitle "playchess.com"]
[Source "ChessBase"]
[SourceQuality "1"]
[TimeControl "40/5400+30:1800+30"]

1. e4 {[%emt 0:00:00]} e5 {[%emt 0:00:00]} 2. Nf3 {[%emt 0:00:00]} Nc6 {[%emt 0:00:00]} 3. d4 {[%emt 0:00:00]} exd4 {[%emt 0:00:00]} 4. Bc4 {[%emt 0:00:06]} Bc5 {[%emt 0:00:00]} 5. c3 {[%emt 0:00:14]} Nf6 {[%emt 0:00:33]} 6. cxd4 {[%emt 0:00:14]} Bb4+ {[%emt 0:00:17]} 7. Bd2 {[%emt 0:00:13]} Bxd2+ {[%emt 0:00:53]} 8. Nbxd2 {[%emt 0:00:16]} d5 {[%emt 0:00:20]} 9. exd5 {[%emt 0:00:25]} Nxd5 {[%emt 0:00:52]} 10. Qb3 {[%emt 0:01:08]} Nce7 {[%emt 0:02:04]} 11. O-O {[%emt 0:02:19]} O-O {[%emt 0:02:40]} 12. Ne4 {[%emt 0:04:27] LiveBook: 3 Partien C54: Giuoco Piano: 4 c3 Nf6, main lines with 5 d4 and 5 d3} (12. Rfe1 c6 13. Ne4 Nb6 14. Bd3 Ned5 15. Nc5 Nf6 16. Rac1 Rb8 17. Qa3 a6 18. Qb3 Qc7 19. Ne4 Nfd5 20. Nc3 Qd6 21. Be4 {½-½ (36) Jones,G (2640)-Karjakin,S (2753) Wijk aan Zee 2018}) 12... c6 {[%emt 0:04:07]} 13. Rad1 {[%emt 0:01:49]} Qb6 {[%emt 0:02:52]} 14. Qc2 $146 {[%emt 0:06:03]} Bg4 {[%emt 0:07:21]} 15. h3 {[%emt 0:04:58]} Bxf3 {[%emt 0:05:48]} 16. Ng5 {[%emt 0:00:10]} g6 {[%emt 0:00:31]} 17. Nxf3 {[%emt 0:00:12]} Rad8 {[%emt 0:01:21]} 18. Rfe1 {[%emt 0:05:51]} Nf5 {[%emt 0:03:26]} 19. Bd3 {[%emt 0:02:23]} Nb4 {[%emt 0:04:02]} 20. Qc4 {[%emt 0:16:37]} (20. Qb3 $11 {keeps the balance.}) 20... Nxd4 {[%emt 0:11:07]} 21. Ne5 {[%emt 0:07:31]} Nxd3 {[%emt 0:04:26]} 22. Nxd3 {[%emt 0:10:53]} Nf5 {[%emt 0:05:51]} 23. Qc3 {[%emt 0:01:24]} Rfe8 {[%emt 0:05:21]} 24. Rxe8+ {[%emt 0:05:51]} Rxe8 {[%emt 0:00:16]} 25. Ne5 {[%emt 0:00:36]} Re6 {[%emt 0:18:54]} 26. Rd7 {[%emt 0:12:09]} Nd6 {[%emt 0:04:23]} 27. Ng4 {[%emt 0:02:33]} Nf5 {[%emt 0:06:52]} 28. Nf6+ {[%emt 0:00:40]} Kf8 {[%emt 0:00:32]} 29. Nd5 {[%emt 0:01:43]} Qd4 {[%emt 0:01:40]} 30. Qa3+ $19 {[%emt 0:02:28]} (30. Qxd4 $1 $11 Re1+ 31. Kh2 Nxd4 32. Ne3) 30... Kg7 {[%emt 0:01:58]} 31. Rd8 {[%emt 0:07:25]} cxd5 {[%emt 0:01:34]} 32. Qf8+ {[%emt 0:02:00]} Kf6 {[%emt 0:00:09]} 33. g4 {[%emt 0:00:57]} Re1+ {[%emt 0:00:40]} 34. Kg2 {[%emt 0:00:08]} Nh4+ {[%emt 0:00:25]} 35. Kg3 {[%emt 0:00:13]} Rg1+ {[%emt 0:00:09]} 0-1

[Event "EYTCC Open U12 2018"]
[Site "Bad Blankeburg"]
[Date "2018.07.16"]
[Round "7"]
[White "Eilenberg, Jonas"]
[Black "Patole, Noam"]
[Result "1-0"]
[WhiteElo "1910"]
[BlackElo "1981"]
[Annotator "NA"]
[PlyCount "89"]
[EventDate "2018.07.12"]
[EventType "swiss"]
[EventCountry "GER"]
[SourceTitle "playchess.com"]
[Source "ChessBase"]
[SourceQuality "1"]
[TimeControl "40/5400+30:1800+30"]

1. d4 {[%emt 0:00:00]} Nf6 {[%emt 0:00:00]} 2. Nf3 {[%emt 0:00:06]} g6 {[%emt 0:01:01]} 3. Nbd2 {[%emt 0:00:27]} d5 {[%emt 0:04:49]} 4. b4 {[%emt 0:00:09]} Bg7 {[%emt 0:05:49] LiveBook: 69 Games} 5. e3 {[%emt 0:00:18]} c6 {[%emt 0:03:33]} 6. c4 {[%emt 0:00:15]} O-O {[%emt 0:00:50]} 7. Be2 {[%emt 0:00:08]} Re8 {[%emt 0:00:32]} 8. O-O {[%emt 0:00:34]} Nbd7 {[%emt 0:04:45]} 9. Bb2 {[%emt 0:02:37]} dxc4 {[%emt 0:00:42] A48: 1 d4 Nf6 2 Nf3 g6: Torre, London and Colle Systems} 10. Nxc4 {[%emt 0:01:51]} (10. Bxc4 Nb6 11. Bb3 Nbd5 12. a3 h6 13. e4 Nc7 14. Ne5 Be6 15. Bxe6 Nxe6 16. Qb3 Nh5 17. Ndf3 {1-0 (41) Parligras,M (2581)-Sanal,V (2450) Golden Sands 2014}) 10... Nd5 {[%emt 0:01:38]} 11. a3 {[%emt 0:02:08]} N7f6 {[%emt 0:00:17]} 12. Rc1 $146 {[%emt 0:06:27]} ({Predecessor:} 12. Ncd2 Nd7 13. Qb3 a6 14. Rac1 e5 15. dxe5 Nxe5 16. Nxe5 Bxe5 17. Nf3 Bxb2 18. Qxb2 {½-½ (45) Holz auf der Heide,G-Reichardt,R Leipzig 1995}) 12... Nb6 {[%emt 0:18:49]} 13. Nce5 {[%emt 0:04:17]} Ng4 {[%emt 0:11:18]} 14. Nxf7 $1 {[%emt 0:10:51]} Qd5 {[%emt 0:10:19]} 15. N7e5 {[%emt 0:06:14]} Nxe5 {[%emt 0:01:35]} 16. Nxe5 {[%emt 0:00:25]} Bxe5 {[%emt 0:00:19]} 17. dxe5 {[%emt 0:00:02]} Qxd1 {[%emt 0:00:24]} 18. Rfxd1 {[%emt 0:00:08]} Be6 {[%emt 0:00:12]} 19. Bd4 {[%emt 0:03:12]} Kg7 {[%emt 0:07:55]} 20. f4 {[%emt 0:03:00]} Rf8 {[%emt 0:06:08]} 21. g4 {[%emt 0:03:03]} Nd5 $18 {[%emt 0:01:09]} 22. Kg2 {[%emt 0:03:03]} a5 {[%emt 0:04:04]} 23. b5 {[%emt 0:01:06]} cxb5 {[%emt 0:00:42]} 24. Bxb5 {[%emt 0:01:40]} Bxg4 {[%emt 0:00:45]} 25. Rd2 {[%emt 0:09:42]} Be6 {[%emt 0:01:07]} 26. Kg3 {[%emt 0:01:59]} Rac8 {[%emt 0:00:34]} 27. Rdc2 {[%emt 0:01:16]} Rxc2 {[%emt 0:00:47]} 28. Rxc2 {[%emt 0:00:21]} Rc8 {[%emt 0:01:49]} 29. Rxc8 {[%emt 0:00:51]} Bxc8 {[%emt 0:00:12]} 30. e4 {[%emt 0:01:00]} Nc7 {[%emt 0:00:33]} 31. Bd3 {[%emt 0:02:08]} Na8 {[%emt 0:03:40]} 32. f5 {[%emt 0:01:21]} e6 {[%emt 0:00:20]} 33. Kf4 {[%emt 0:03:16]} exf5 {[%emt 0:03:59]} 34. exf5 {[%emt 0:01:10]} gxf5 {[%emt 0:00:08]} 35. Bxf5 {[%emt 0:00:22]} Bxf5 {[%emt 0:00:11]} 36. Kxf5 {[%emt 0:00:09]} b5 {[%emt 0:00:33]} 37. Ke6 {[%emt 0:00:52]} Nc7+ {[%emt 0:01:12]} 38. Kd7 {[%emt 0:00:28]} Nd5 {[%emt 0:00:07]} 39. e6+ {[%emt 0:00:25]} Kf8 {[%emt 0:01:32]} 40. e7+ {[%emt 0:00:11]} Nxe7 {[%emt 0:00:13]} 41. Bc5 {[%emt 0:30:07]} Kg7 {[%emt 0:31:16]} 42. Bxe7 {[%emt 0:00:12]} Kg6 43. Kc6 {[%emt 0:00:17]} b4 {[%emt 0:01:48]} 44. Bxb4 {[%emt 0:00:02]} axb4 {[%emt 0:00:25]} 45. axb4 {[%emt 0:00:01]} 1-0

[Event "EYTCC Open U12 2018"]
[Site "Bad Blankeburg"]
[Date "2018.07.16"]
[Round "7"]
[White "Bui, Bao Anh Le"]
[Black "Maurizzi, Marc Andria"]
[Result "1/2-1/2"]
[WhiteElo "1883"]
[BlackElo "2155"]
[Annotator "NA"]
[PlyCount "124"]
[EventDate "2018.07.12"]
[EventType "swiss"]
[EventCountry "GER"]
[SourceTitle "playchess.com"]
[Source "ChessBase"]
[SourceQuality "1"]
[TimeControl "40/5400+30:1800+30"]

1. e4 c5 2. Nf3 Nc6 3. d4 cxd4 4. Nxd4 e5 5. Nb5 d6 6. N1c3 a6 7. Na3 b5 8. Nd5 {[%emt 0:04:44]} Nge7 {[%emt 0:03:35]} 9. Be2 {[%emt 0:15:07] B32: Sicilian: Löwenthal and Kalashnikov Variations} (9. c4 Nxd5 10. cxd5 Nd4 11. Bd3 g6 12. O-O Bg7 13. Be3 O-O 14. Bxd4 exd4 15. Nc2 Bd7 16. Qd2 Rc8 17. Ne1 {0-1 (59) Korneev,O (2557)-Naiditsch,A (2702) Heraklio 2017}) 9... Nxd5 {[%emt 0:00:53]} 10. exd5 {[%emt 0:00:36]} Nd4 {[%emt 0:04:40]} 11. Be3 {[%emt 0:05:27]} Nf5 {[%emt 0:10:06]} 12. O-O {[%emt 0:05:00]} Nxe3 {[%emt 0:00:37]} 13. fxe3 {[%emt 0:00:13] [#]} Qb6 $146 {[%emt 0:04:15]} ({Predecessor:} 13... Be7 14. c3 O-O 15. e4 f5 16. exf5 Bxf5 17. Nc2 Qb6+ 18. Kh1 {0-1 (58) Aaron,D (2321)-Belous,V (2567) Philadelphia 2017}) 14. Qd3 {[%emt 0:02:47]} g6 {[%emt 0:01:27]} 15. Kh1 {[%emt 0:03:20]} Bg7 {[%emt 0:00:34]} 16. c4 {[%emt 0:11:23]} b4 {[%emt 0:03:51]} 17. Nc2 {[%emt 0:00:41]} O-O {[%emt 0:00:57]} 18. Qb3 {[%emt 0:08:28]} Rb8 {[%emt 0:15:34]} 19. Rab1 {[%emt 0:16:09]} Bd7 {[%emt 0:07:09]} 20. Bd3 {[%emt 0:19:44]} a5 {[%emt 0:01:44]} 21. a3 {[%emt 0:02:57]} bxa3 {[%emt 0:01:30]} 22. Qxa3 {[%emt 0:00:13]} a4 {[%emt 0:01:29]} 23. e4 {[%emt 0:01:04]} Rb7 {[%emt 0:02:37]} 24. Qc3 {[%emt 0:00:56]} f5 {[%emt 0:11:43]} 25. Na3 {[%emt 0:01:28]} fxe4 {[%emt 0:00:13]} 26. Rxf8+ {[%emt 0:00:12]} Bxf8 {[%emt 0:00:35]} 27. Bxe4 {[%emt 0:00:06]} Qf2 {[%emt 0:04:05]} 28. Qc2 {[%emt 0:01:07]} Qxc2 {[%emt 0:05:04]} 29. Bxc2 {[%emt 0:00:14]} Kg7 {[%emt 0:00:29]} 30. b4 {[%emt 0:00:38]} axb3 {[%emt 0:00:19]} 31. Rxb3 {[%emt 0:00:11]} Rxb3 {[%emt 0:07:00]} 32. Bxb3 {[%emt 0:00:01]} Kf6 {[%emt 0:00:19]} 33. Kg1 {[%emt 0:02:11]} e4 {[%emt 0:02:01]} 34. Kf2 {[%emt 0:00:54]} Ke5 {[%emt 0:00:08]} 35. Nb5 {[%emt 0:00:40]} Bh6 {[%emt 0:00:34]} 36. h3 {[%emt 0:00:33]} Bg5 {[%emt 0:02:03]} 37. Ke2 {[%emt 0:00:13]} h5 {[%emt 0:00:35]} 38. Ba2 {[%emt 0:00:56]} Bh6 {[%emt 0:01:00]} 39. Bb1 {[%emt 0:00:28]} h4 {[%emt 0:05:17]} 40. Nc3 {[%emt 0:00:33]} Bf5 {[%emt 0:00:14]} 41. Nb5 {[%emt 0:24:24]} g5 {[%emt 0:01:03]} 42. Ke1 {[%emt 0:05:13]} g4 {[%emt 0:12:56]} 43. hxg4 {[%emt 0:00:04]} Bxg4 {[%emt 0:00:01]} 44. Nxd6 $2 {[%emt 0:01:38]} (44. Nc7 {is more resistant.}) 44... Kxd6 {[%emt 0:00:12]} 45. Bxe4 {[%emt 0:00:03]} Ke5 {[%emt 0:00:27]} 46. Bd3 {[%emt 0:00:25]} Bf8 {[%emt 0:02:39]} 47. Be2 {[%emt 0:01:20]} Bf5 {[%emt 0:01:12]} 48. Kf2 {[%emt 0:00:29]} Kf4 {[%emt 0:00:08]} 49. Kg1 {[%emt 0:00:35]} Kg3 {[%emt 0:00:50]} 50. d6 {[%emt 0:00:23]} Bxd6 {[%emt 0:00:15]} 51. Bf3 {[%emt 0:00:31]} Bd3 52. Bd5 $19 {[%emt 0:00:19]} Bc5+ {[%emt 0:06:25]} 53. Kh1 {[%emt 0:00:04]} Bf1 {[%emt 0:00:54]} 54. Bc6 {[%emt 0:00:22]} Bxc4 {[%emt 0:00:26]} 55. Bb7 {[%emt 0:00:10]} Kf2 {[%emt 0:01:57]} 56. Bc6 {[%emt 0:00:18]} Ba6 {[%emt 0:01:35]} 57. Bd5 {[%emt 0:00:08]} Kg3 {[%emt 0:00:38]} 58. Bc6 {[%emt 0:00:05]} Kf4 {[%emt 0:00:16]} 59. Bd5 {[%emt 0:00:14]} Ke5 {[%emt 0:00:10]} 60. Bc6 {[%emt 0:00:13]} Bd3 {[%emt 0:01:07]} 61. Bf3 {[%emt 0:00:25]} Kf4 {[%emt 0:00:55]} 62. Bc6 {[%emt 0:00:10]} Ke5 1/2-1/2

[Event "EYTCC Open U12 2018"]
[Site "Bad Blankeburg"]
[Date "2018.07.16"]
[Round "7"]
[White "Nitsche, Nikolai"]
[Black "Pasti, Aron"]
[Result "0-1"]
[WhiteElo "1726"]
[BlackElo "2069"]
[Annotator "NA"]
[PlyCount "86"]
[EventDate "2018.07.12"]
[EventType "swiss"]
[EventCountry "GER"]
[SourceTitle "playchess.com"]
[Source "ChessBase"]
[SourceQuality "1"]
[TimeControl "40/5400+30:1800+30"]

1. e4 {[%emt 0:00:00]} e5 2. Nf3 {[%emt 0:00:00]} Nc6 {[%emt 0:00:00]} 3. Bc4 {[%emt 0:00:00]} Bc5 {[%emt 0:00:00]} 4. c3 {[%emt 0:00:00]} Nf6 {[%emt 0:00:00]} 5. d4 {[%emt 0:00:09]} exd4 {[%emt 0:00:00]} 6. e5 {[%emt 0:00:36]} d5 {[%emt 0:00:00]} 7. Be2 {[%emt 0:00:35] C54: Giuoco Piano: 4 c3 Nf6, main lines with 5 d4 and 5 d3} Ne4 {[%emt 0:00:37]} 8. cxd4 {[%emt 0:00:17]} Bb6 {[%emt 0:00:51]} 9. O-O {[%emt 0:01:24]} O-O {[%emt 0:01:32]} 10. Nc3 {[%emt 0:00:46]} Be6 {[%emt 0:05:52]} 11. Be3 {[%emt 0:00:54]} f6 12. exf6 Qxf6 {[%emt 0:02:33]} 13. Rc1 {[%emt 0:05:55]} Rad8 {[%emt 0:11:24] [#]} 14. Na4 $146 {[%emt 0:07:14]} ({Predecessor:} 14. h3 h6 {0-1 (33) Jones,G (2661)-Caruana,F (2839) London 2014}) 14... h6 {[%emt 0:04:51]} 15. Nxb6 {[%emt 0:01:55]} axb6 {[%emt 0:00:03]} 16. a3 {[%emt 0:20:54]} Nd6 {[%emt 0:07:17]} 17. b3 {[%emt 0:08:15]} Bf7 {[%emt 0:05:15]} 18. Qd2 {[%emt 0:06:53]} Rfe8 {[%emt 0:02:49]} 19. Bd3 {[%emt 0:09:10]} Bh5 {[%emt 0:04:08]} 20. Ne5 {[%emt 0:19:01]} Nxe5 {[%emt 0:02:36]} 21. dxe5 {[%emt 0:00:08]} Qxe5 {[%emt 0:00:57]} 22. Bd4 {[%emt 0:00:15]} Qe7 {[%emt 0:01:03]} 23. b4 {[%emt 0:06:44]} Ne4 {[%emt 0:06:13]} 24. Qc2 {[%emt 0:00:58]} Rc8 {[%emt 0:04:34]} 25. Rfe1 {[%emt 0:05:11]} Qg5 {[%emt 0:01:44]} 26. Bxe4 {[%emt 0:01:30]} dxe4 {[%emt 0:00:09]} 27. Be3 {[%emt 0:01:56]} Qg6 {[%emt 0:01:13]} 28. f4 {[%emt 0:02:31]} Bg4 {[%emt 0:05:09]} 29. Qb3+ {[%emt 0:00:29]} Be6 {[%emt 0:00:06]} 30. Qc2 {[%emt 0:00:22]} Kh7 {[%emt 0:00:08]} 31. Red1 {[%emt 0:00:29]} Bf5 {[%emt 0:00:48]} 32. a4 {[%emt 0:00:19]} c5 {[%emt 0:00:25]} 33. Qb2 {[%emt 0:00:34]} c4 {[%emt 0:00:48]} 34. Rd4 {[%emt 0:00:55]} Qe6 {[%emt 0:02:04]} 35. Qe2 {[%emt 0:00:16]} c3 {[%emt 0:00:16]} 36. Qc2 {[%emt 0:00:40]} Red8 {[%emt 0:01:53]} 37. Rxd8 Rxd8 38. Qxc3 {[%emt 0:00:50]} Rd3 {[%emt 0:01:19]} 39. Qe1 {[%emt 0:00:26]} Qb3 {[%emt 0:01:33]} 40. Bxb6 {[%emt 0:00:34] [#]} e3 $19 {[%emt 0:00:14]} 41. a5 {[%emt 0:01:20]} Be4 {[%emt 0:02:35]} 42. Rb1 {[%emt 0:01:41]} Qc2 {[%emt 0:00:47]} 43. Qf1 {[%emt 0:00:46]} Rd2 {[%emt 0:00:37]} 0-1